Decisiones de inversión : métodos de evaluación, riesgo y flexibilidad estratégica /
Guardado en:
| Otros Autores: | |
|---|---|
| Formato: | Libro |
| Idioma: | Spanish |
| Publicado: |
Bahía Blanca :
Induvio Editora,
2011.
|
| Materias: | |
| Etiquetas: |
Agregar Etiqueta
Sin Etiquetas, Sea el primero en etiquetar este registro!
|
| LEADER | 01620nam a22002775a 4500 | ||
|---|---|---|---|
| 001 | EAD.ead002633 | ||
| 008 | 110322s2011####ag#######b####010#0#spa#d | ||
| 005 | 20250516104644.0 | ||
| 245 | 1 | 0 | |a Decisiones de inversión : |b métodos de evaluación, riesgo y flexibilidad estratégica / |c Autores: Fabio Rotstein y colaboradores. |
| 260 | |a Bahía Blanca : |b Induvio Editora, |c 2011. | ||
| 300 | |a 163 p. ; |c 29 cm. + |e 1 CD-ROM. | ||
| 500 | |a El CD-ROM complementario incluye dos proyectos de inversión (Bar temático - Carpintería de aluminio). | ||
| 504 | |a Incluye referencias bibliográficas. | ||
| 505 | 0 | |a Componentes microeconómicos de las decisiones de inversión / Hernán P. Vigier -- Tópicos sobre flujo de fondos / Juan I. Esandi -- Métodos de evaluación financiera tradicionales / Gastón S. Milanesi, Anahí E. Briozzo -- Situaciones especiales en la evaluación de proyectos de inversión / Anahí Briozzo -- Incertidumbre y riesgo / Gabriela Pesce -- Árboles de decisión, opciones reales y enfoque integrado en mercados completos e incompletos / Gastón S. Milanesi. | |
| 020 | |a 9789871519163 | ||
| 700 | 1 | |a Rotstein, Fabio. | |
| 082 | 0 | 4 | |a 658.15 |2 21 |
| 653 | |a Decisiones financieras | ||
| 650 | 7 | |a Cash Flow. |2 isoc | |
| 650 | 7 | |a Evaluación de proyectos. |2 unbist | |
| 650 | 7 | |a Riesgo. |2 unbist | |
| 650 | 7 | |a Opciones. |2 isoc | |
| 653 | |a Bibliografía básica (CP) | ||
| 859 | |a AR-BaBDC |b BIB. ADMINISTRACION - Libros |h 658.15 |i R747 |p b06352 | ||
| 859 | |a AR-BaBDC |b BIB. ADMINISTRACION - Libros |h 658.15 |i R747 |p b06923 |t Ej.2 | ||
| 859 | |a AR-BaBDC |b BIB. ADMINISTRACION - Libros |h 658.15 |i R747 |k CD |p b06353 |3 CD-ROM | ||
